10. konference o biosféře dodržování standardů kvality péče o životní prostředí v ČSSR

Na minha lista:
Detalhes bibliográficos
Formato: Livro
Idioma:tcheco
Publicado em: Praha Dům techniky ČSVTS 1982
Tags: Adicionar Tag
Sem tags, seja o primeiro a adicionar uma tag!

MARC

LEADER 00000nam a2200000 4500
001 c115125
005 20171213152732.8
041 0 |a cze 
044 |a CZ 
245 1 0 |a 10. konference o biosféře  |b dodržování standardů kvality péče o životní prostředí v ČSSR 
264 1 |a Praha  |b Dům techniky ČSVTS  |c 1982 
300 |a 222 s.